000 00511nam a22001697a 4500
005 20251108164239.0
008 250721s1985 xx 000 0 ara d
082 1 4 _a311,2302854/عبد
100 1 _aهيكل، عبد العزيز فهمي
245 1 0 _aالكمبيوتر و التحليل الإحصائي /
264 1 _aبيروت :
_bدار الراتب الجامعية،
_c1985.
300 _a223ص
650 1 7 _aالإحصاءات
650 1 7 _aالحواسيب
942 _2ddc
_cBK
999 _c7365
_d7365